Loading...
| History - American | 2 | 3 | 2 | 1 | 50 | 30 | 76.40 | 0 | 4 | 21.67 | 32.22 |
| Literature - American | 1 | 3 | 0 | 1 | 45 | 61 | 101.75 | 0 | 1 | 13.00 | 17.22 |
| Beliefs | 1 | 3 | 1 | 1 | 40 | 78 | 112.50 | 0 | 2 | 5.14 | 13.33 |
| History - World | 0 | 4 | 0 | 3 | 40 | 109 | 126.75 | 0 | 0 | 2.26 | 11.11 |
| Literature - British | 1 | 2 | 0 | 1 | 35 | 50 | 91.00 | 1 | 2 | 11.18 | 22.22 |
| History - European | 0 | 3 | 0 | 2 | 30 | 62 | 101.33 | 0 | 2 | 5.60 | 11.11 |
| Fine Arts - Other Arts | 0 | 3 | 0 | 1 | 30 | 77 | 102.00 | 0 | 2 | 7.70 | 19.44 |
| Current Events | 0 | 3 | 0 | 1 | 30 | 78 | 99.33 | 0 | 2 | 18.71 | 46.67 |
| Literature - European | 0 | 3 | 0 | 1 | 30 | 102 | 121.67 | 0 | 1 | 3.93 | 11.11 |
| Science - Biology | 0 | 3 | 0 | 3 | 30 | 123 | 124.33 | 0 | 1 | 0.95 | 9.44 |
| Literature - World | 0 | 3 | 1 | 2 | 25 | 101 | 122.00 | 0 | 1 | 4.89 | 13.33 |
| Philosophy | 0 | 2 | 0 | 0 | 20 | 83 | 97.00 | 0 | 2 | 5.91 | 15.56 |
| Social Science | 0 | 2 | 1 | 0 | 15 | 105 | 108.00 | 0 | 1 | 2.34 | 5.33 |
| Science - Other | 1 | 0 | 0 | 0 | 15 | 62 | 62.00 | 0 | 1 | 5.64 | 6.67 |
| Geography | 0 | 1 | 0 | 0 | 10 | 91 | 91.00 | 0 | 1 | 11.97 | 20.00 |
| Science - Physics | 0 | 1 | 0 | 1 | 10 | 129 | 129.00 | 0 | 0 | 0.09 | 2.22 |
| History - Ancient | 0 | 1 | 0 | 0 | 10 | 126 | 126.00 | 0 | 0 | 0.16 | 5.00 |